The Gazette of India -extraordinary-part II-section 4 (Record no. 22962)

MARC details
000 -LEADER
fixed length control field 01641nam a22004697a 4500
001 - CONTROL NUMBER
control field 7504051
005 - DATE AND TIME OF LATEST TRANSACTION
control field 20060802050305.0
008 - FIXED-LENGTH DATA ELEMENTS--GENERAL INFORMATION
fixed length control field 810507c19509999ii uu f0 z0eng d
010 ## - LIBRARY OF CONGRESS CONTROL NUMBER
LC control number 62038939
Canceled/invalid LC control number sn 84001654
022 ## - INTERNATIONAL STANDARD SERIAL NUMBER
International Standard Serial Number 0254-6779
Source z
030 ## - CODEN DESIGNATION
CODEN GINPDX
035 ## - SYSTEM CONTROL NUMBER
System control number (OCoLC)ocm01752771
040 ## - CATALOGING SOURCE
Original cataloging agency MnMULS
Transcribing agency MnMULS
Modifying agency NSDP
-- OCoLC
-- OCoLC
-- DLC
041 ## - LANGUAGE CODE
Language code of text/sound track or separate title enghin
042 ## - AUTHENTICATION CODE
Authentication code nsdp
-- lc
043 ## - GEOGRAPHIC AREA CODE
Geographic area code a-ii---
050 ## - LIBRARY OF CONGRESS CALL NUMBER
Classification number KNS7
Item number .I532
082 ## - DEWEY DECIMAL CLASSIFICATION NUMBER
Classification number 351.05
110 ## - MAIN ENTRY--CORPORATE NAME
Corporate name or jurisdiction name as entry element India.
210 ## - ABBREVIATED TITLE
Abbreviated title Bhārāt kā rājapatra
222 ## - KEY TITLE
Key title Bhārāt kā rājapatra
240 ## - UNIFORM TITLE
Uniform title <a href="Gazette of India (1950)">Gazette of India (1950)</a>
245 ## - TITLE STATEMENT
Title The Gazette of India -extraordinary-part II-section 4
246 ## - VARYING FORM OF TITLE
Display text Vols. for Jan. 23, 1965- have Hindi title:
Title proper/short title भारत का राजपत्र-असाघारण
260 ## - PUBLICATION, DISTRIBUTION, ETC. (IMPRINT)
Place of publication, distribution, etc New Delhi :
Name of publisher, distributor, etc Controller of Publications
Date of publication, distribution, etc 1950-
300 ## - PHYSICAL DESCRIPTION
Extent v. ;
Dimensions 28 cm.
310 ## - CURRENT PUBLICATION FREQUENCY
Current publication frequency irregular
362 ## - DATES OF PUBLICATION AND/OR SEQUENTIAL DESIGNATION
Dates of publication and/or sequential designation Jan. 28, 1950-
500 ## - GENERAL NOTE
General note Title from caption.
500 ## - GENERAL NOTE
General note Order of title varies.
515 ## - NUMBERING PECULIARITIES NOTE
Numbering peculiarities note Issued in parts.
525 ## - SUPPLEMENT NOTE
Supplement note Has many supplements and extraordinary issues.
546 ## - LANGUAGE NOTE
Language note In English or Hindi.
590 ## - LOCAL NOTE (RLIN)
Local note PREMARC/SERLOC merged record
650 ## - SUBJECT ADDED ENTRY--TOPICAL TERM
Topical term or geographic name as entry element Gazettes
Geographic subdivision India.
780 ## - PRECEDING ENTRY
Main entry heading India.
Uniform title Gazette of India (1864).
Title Gazette of India
Record control number (DLC) 62038934
270 ## - ADDRESS
Address Civil lines
City Delhi
Postal code 110054
906 ## - LOCAL DATA ELEMENT F, LDF (RLIN)
a 7
b cbc
c serials
d 3
e ncip
f 19
g n-oclcserc
942 ## - ADDED ENTRY ELEMENTS (KOHA)
Source of classification or shelving scheme Dewey Decimal Classification
Item type Periodicals
Classification part 351.05
Call number suffix GAZ
Serial record 1
Holdings
Withdrawn status Lost status Source of classification or shelving scheme Damaged status Not for loan Collection code Home library Current library Date acquired Total Checkouts Full call number Date last seen Price effective from Koha item type
    Dewey Decimal Classification   Not For Loan Non-fiction D.B.Act.Division D.B.Act.Division 04/02/2009   351.05 GAZ 04/02/2009 04/02/2009 Periodicals

© Delhi Public Library
Hit Counter
free hit counter